MDQL
is popping MORE tags! Check the
thread
!
Quizzes
Events
Quiz Creation
Community
Videos
Private Events
Remove Ads
Sign In
Join for FREE
Feedback
Dark Mode
Quiz Categories
Sports
Geography
Music
Movies
Television
Just For Fun
Miscellaneous
History
Literature
Language
Science
Gaming
Entertainment
Religion
Holiday
For Kids
Quiz Lab
Recent
Popular Today
Quiz Kudos Today
Editor Picks
Curator Picks
Quizzes by...
Day
Popularity
Type
Ratings
Length
Year
Community
Subscriptions
Recent Discussions
Orange Saloon
Badges
Playlists
Quests
Create
Leaderboards
Showdown
Live 5
Trivia Bingo
Activity
Puzzle Library
Sporcle Events
Private Events
Virtual Trivia
Globe League
Become a Host
Pub Owners
SporcleCon
Opinionation
Our Games
Videos
Blog
Mobile Apps
Partnerships
Remove Ads and Go Orange
Feedback
Sports
Athletes
MLB
NBA
NHL
NFL
Soccer
Sports Teams
WWE
NCAA
Football
Premier League
Basketball
Baseball
Hockey
Golf
Tennis
Cricket
Rugby
Auto Racing
Olympics
World Cup
Sports
Athletes
MLB
NBA
NHL
NFL
Soccer
Sports Teams
WWE
NCAA
Football
Premier League
Basketball
Baseball
Hockey
Golf
Tennis
Cricket
Rugby
Auto Racing
Olympics
World Cup
Random Quiz
Search Sporcle
×
Quiz Lab
Quiz Lab
Sports
WWE
Type in answers that appear in a list
Type in answers that appear in a list
Classic
Best Score? Go Orange.
WWE PPV Opponents of Charlotte Stats
Can you name the WWE PPV Opponents of Charlotte?
By
svenmetenstra94
10m
117 Questions
1,595 Plays
1,595 Plays
1,595 Plays
Comments
Comments
Give Quiz Kudos
Give Quiz Kudos
-
- Ratings
hide this ad
Replay
Link that replays current quiz
Next Quiz
Link to next quiz in quiz playlist
You Got
0%
They Got
Avg Score
55%
Avg Friend Score
Upgrade to see
Score Distribution
Jump to the score distribution portion of the page
Score
0/117
Timer
10:00
1
Play Today
Event
Opponent
% Correct
Summerslam 2023
Asuka
100%
Fastlane 2023
Iyo Sky
100%
Fastlane 2023
Asuka
100%
Survivor Series 2023
Bayley
100%
Survivor Series 2023
Iyo Sky
100%
Survivor Series 2023
Asuka
100%
Survivor Series 2021
Becky Lynch
99.2%
Money in the Bank 2019
Becky Lynch
98.7%
Money in the Bank 2018
Becky Lynch
98.7%
Summerslam 2018
Becky Lynch
98.7%
Hell in a Cell 2018
Becky Lynch
98.7%
Evolution 2018
Becky Lynch
98.7%
TLC 2018
Becky Lynch
98.7%
Money In The Bank 2017
Becky Lynch
98.6%
Battleground 2017
Becky Lynch
98.6%
Royal Rumble 2019
Becky Lynch
98.6%
Fastlane 2019
Becky Lynch
98.6%
WrestleMania 35
Becky Lynch
98.6%
WrestleMania 32
Sasha Banks
98.4%
Battleground 2016
Sasha Banks
98.3%
Summerslam 2016
Sasha Banks
98.3%
Clash of Champions 2016
Sasha Banks
98.3%
Hell In A Cell 2016
Sasha Banks
98.3%
Roadblock: End of the Line 2016
Sasha Banks
98.2%
WrestleMania 33
Sasha Banks
98.2%
Money in the Bank 2018
Sasha Banks
98.1%
Survivor Series 2016
Becky Lynch
98.1%
WrestleMania 32
Becky Lynch
98.1%
Survivor Series 2019
Sasha Banks
98.1%
Money In The Bank 2016
Becky Lynch
98%
Royal Rumble 2016
Becky Lynch
98%
Battleground 2015
Sasha Banks
97.7%
Summerslam 2015
Sasha Banks
97.7%
Money in the Bank 2019
Bayley
97.1%
Hell in a Cell 2019
Bayley
97.1%
Clash of Champions 2019
Bayley
97.1%
Royal Rumble 2017
Bayley
96.7%
WrestleMania 33
Bayley
96.7%
Fastlane 2017
Bayley
96.7%
Event
Opponent
% Correct
Battleground 2016
Bayley
96.5%
Clash of Champions 2016
Bayley
96.5%
Survivor Series 2023
Kairi Sane
96.4%
Royal Rumble 2022
Ronda Rousey
96.3%
Elimination Chamber 2022
Ronda Rousey
96.3%
WrestleMania 38
Ronda Rousey
96.3%
WrestleMania 35
Ronda Rousey
95.9%
Survivor Series 2018
Ronda Rousey
95.9%
Summerslam 2015
Nikki Bella
95.6%
Night of Champions 2015
Nikki Bella
95.6%
Hell In A Cell 2015
Nikki Bella
95.6%
TLC 2019
Asuka
95.6%
WrestleMania 34
Asuka
95.5%
Backlash 2022
Ronda Rousey
95.5%
Battleground 2015
Brie Bella
95.4%
Summerslam 2015
Brie Bella
95.4%
TLC 2018
Asuka
95.4%
Fastlane 2016
Brie Bella
95.3%
Backlash 2021
Asuka
94.8%
Money in the Bank 2018
Naomi
94.7%
Royal Rumble 2021
Rhea Ripley
94.6%
Survivor Series 2016
Naomi
94.4%
Summerslam 2015
Naomi
94.1%
WrestleMania 33
Nia Jax
93.8%
Backlash 2017
Natalya
93.7%
Money In The Bank 2017
Natalya
93.7%
Battleground 2017
Natalya
93.7%
Hell In A Cell 2017
Natalya
93.7%
Clash of Champions 2017
Natalya
93.7%
Survivor Series 2016
Natalya
93.7%
Roadblock 2016
Natalya
93.7%
Payback 2016
Natalya
93.7%
Extreme Rules 2016
Natalya
93.7%
Money In The Bank 2016
Natalya
93.7%
TLC 2020
Nia Jax
93.6%
Money in the Bank 2018
Natalya
93.6%
Survivor Series 2017
Alexa Bliss
93.4%
WrestleMania 36
Rhea Ripley
93.4%
Money in the Bank 2018
Alexa Bliss
93.3%
Event
Opponent
% Correct
Survivor Series 2015
Paige
93.3%
TLC 2015
Paige
93.3%
Survivor Series 2019
Rhea Ripley
93.1%
Backlash 2017
Tamina Snuka
93%
Money In The Bank 2017
Tamina Snuka
93%
Battleground 2017
Tamina Snuka
93%
WrestleMania 39
Rhea Ripley
92.9%
Summerslam 2023
Bianca Belair
92.9%
Survivor Series 2016
Alexa Bliss
92.7%
Backlash 2017
Carmella
92.6%
Money In The Bank 2017
Carmella
92.6%
Backlash 2018
Carmella
92.6%
Elimination Chamber 2022
Naomi
92.5%
Extreme Rules 2021
Alexa Bliss
92.3%
Summerslam 2018
Carmella
92.2%
Backlash 2021
Rhea Ripley
92.1%
Survivor Series 2019
Carmella
92.1%
Hell in a Cell 2021
Rhea Ripley
91.8%
Money in the Bank 2021
Rhea Ripley
91.8%
Survivor Series 2016
Carmella
91.6%
Summerslam 2021
Rhea Ripley
91.6%
Royal Rumble 2020
Shayna Baszler
86.8%
TLC 2020
Shayna Baszler
86.4%
TLC 2019
Kairi Sane
86%
Summerslam 2015
Alicia Fox
85.8%
Summerslam 2021
Nikki A.S.H.
81.5%
Survivor Series 2019
Bianca Belair
81%
Summerslam 2019
Trish Stratus
80.7%
Fastlane 2018
Ruby Riott
76.1%
Survivor Series 2019
Nikki Cross
72%
Money in the Bank 2018
Ember Moon
71.3%
Battleground 2017
Lana
71%
Money in the Bank 2018
Lana
70.8%
Survivor Series 2019
Io Shirai
70.7%
Survivor Series 2019
Dana Brooke
68.1%
Summerslam 2015
Tamina Snuka
66.6%
Survivor Series 2019
Lacey Evans
66.6%
Survivor Series 2019
Candice LeRae
66.3%
Survivor Series 2019
Toni Storm
61.8%
Quiz Playlist
Details
Report
Send in Message
Add To Playlist
Classic:
Type in answers that appear in a list
Last Updated: Mar 4, 2024
Quiz Scoreboard
CHALLENGE
Sign Up to Join the Scoreboard
Show All
Scores
Hide
Comments
May contain spoilers
Recently Published
Street Fighter Characters
by Artimus82
Gaming
60s
9x9 Crossword: Cartoon Network
by jackfrog10
Miscellaneous
3m
College Basketball Coaching Resumes
by pancakes188
Sports
9m
More to Explore
Quiz From the Vault
Featured Blog Post
Where Did the Easter Bunny Come From?
hide this ad
You Might Also Like...
Tags
WWE Quiz
charlotte
Diva
flair
PPV
PPV Matches
PPV Opponents
Pro Wrestling
Superstar
Wrestling
Today's Top Quizzes in Sports
Browse Sports
hide this ad
Today's Top Quizzes in WWE
Browse WWE
Top Contributed Quizzes in Sports
1
2022 World Cup Stars
2
Les meilleurs buteurs des matchs entre le PSG et l’OM
3
FIFA Club World Cup Champions
4
Les entraîneurs de l'OM et du PSG au 21e siècle
5
Criteria MLB: Left Handed Sluggers
6
2023 MLB Unique Player Accomplishments
7
AFC Teams Reveal (Wrong Answers Minefield)
8
5-to-1: FBS Animal Nicknames
9
Players with Multiple 50 Home Run Seasons
10
5-to-1: UK Sports Teams
Explore More
Trending Topics
Harry Potter
Crossword
Anime
Disney
Kpop
Marvel
NBA
The Office
NFL
WWE
Song
Puzzle
Country
Pokémon
Soccer
hide this ad
More By:
svenmetenstra94
Quiz
Plays
Rating
Category
Featured
Created
WWE PPV Opponents of Brock Lesnar
141,260
4.50
Sports
Apr 8, 2012
WWE PPV Opponents of Roman Reigns
31,798
4.54
Sports
Oct 28, 2013
WWE PPV Opponents of Seth Rollins
28,268
4.68
Sports
Oct 28, 2013
WWE PPV Opponents of CM Punk
27,144
4.61
Sports
Nov 9, 2011
WWE PPV Opponents of Daniel Bryan
23,871
4.19
Sports
Oct 25, 2011
Go to Creator's Profile
Score Distribution
Quiz Creator Spotlight
svenmetenstra94
Follow
Send a Message
Quizzes Created
-
Created Quiz Play Count
-
More By This Creator
Popular Quizzes Today
1
Find the US States - No Outlines Minefield
2
Find the Countries of Europe - No Outlines Minefield
3
The Countries of the World
4
Find the US States
5
Risky Map Clicking: Biggest States A-Z
6
US States
7
Popular People in 1961
8
Movies - When Are They Set?
More Sports Quizzes
Premier League XIs - Africans
Quiz Lab
Trending Quizzes
Risky Map Clicking: Least Populous States A-Z
Countries of the World: 200 Million BC
1-10 Letter G Words
Risky Map Clicking: Next State Alphabetically
Adjectives in 80s TV Shows
Recently Updated
Leaping Animals
pecheneg
Reality TV Shows (A-Z)
bhenderson79
Rickey Henderson's Hall of Fame Teammates
pecheneg
Champions League XIs: Arsenal
pecheneg
Quick Pick: Celebrities in WWE's Hall of Fame
aduchscher
A-Z Keypad Blitz II
pecheneg
Multiple Oscar Actors
pecheneg
Mystery Phrase Blitz: Oscar 'Best Actors'
pecheneg
F. Scott Fitzgerald Novels
LTH
Pick 3 Villains
ddd62291
Trending Topics
NBA
Disney
Marvel
Harry Potter
Crossword
Anime
Kpop
Puzzle
NFL
Soccer
WWE
The Office
Pokémon
Song
Country
Your Account Isn't Verified!
In order to create a playlist on Sporcle, you need to verify the email address you used during registration. Go to your
Sporcle Settings
to finish the process.
Report this User
Report this user for behavior that violates our
Community Guidelines
.
Details:
Send Report
Go to the Sporcle.com Mobile Site →
Comments